000 00484pam a2200169 a 4500
020 _a0471887544 (hard : acidfree paper)
040 _cDLC
082 0 0 _a155 J.WI 1992 A001 Or.
100 1 _aVasta, Ross.
245 1 0 _aChild psychology :
_bthe modern science /
260 _aNew York :
_bJ. Wiley & Sons,
_cc1992.
300 _axix, 665 p. :
_bill. (some col.) ;
_c27 cm.
650 0 _aChild psychology
700 1 _aHaith, Marshall M.,
700 1 _aMiller, Scott A.,
942 _cEK
999 _c12889
_d12889